The threshold of light /

Bibliographic Details
Main Author: Glaser, Michael S., 1943- (Author)
Format: Book
Language:English
Published: Treadwell, New York : Bright Hill Press, 2019.
Series:Bright Hill Press at hand poetry chapbook series ; no. 44.
Subjects:

MARC

Tag First Indicator Second Indicator Subfields
LEADER 00000cam a2200000Ii 4500
001 in00004171925
008 190502t20192019nyu 000 p eng
005 20250318213205.6
019 |a 1087106173  |a 1103609422 
020 |a 1892471914 
020 |a 9781892471918 
035 |a (OCoLC)1099677349  |z (OCoLC)1087106173  |z (OCoLC)1103609422 
035 |a (OCoLC)on1099677349 
040 |a ZPJ  |b eng  |e rda  |c ZPJ  |d YDX  |d YDXIT  |d OCLCF  |d POETS  |d BDX  |d BUF  |d BNG 
050 4 |a PS3557.L3147  |b A6 2019 
082 0 4 |a 811/.54  |2 23 
100 1 |a Glaser, Michael S.,  |d 1943-  |e author. 
240 1 0 |a Poems.  |k Selections 
245 1 4 |a The threshold of light /  |c poems by Michael S. Glaser. 
264 1 |a Treadwell, New York :  |b Bright Hill Press,  |c 2019. 
264 4 |c ©2019 
300 |a x, 54 pages ;  |c 16 cm. 
336 |a text  |b txt  |2 rdacontent 
337 |a unmediated  |b n  |2 rdamedia 
338 |a volume  |b nc  |2 rdacarrier 
490 1 |a At hand poetry chapbook series ;  |v no. 44 
650 0 |a Light  |v Poetry. 
650 0 |a Nature  |v Poetry. 
650 7 |a Light.  |2 fast  |0 (OCoLC)fst00998476 
650 7 |a Nature.  |2 fast  |0 (OCoLC)fst01034561 
655 7 |a Poetry.  |2 fast  |0 (OCoLC)fst01423828 
830 0 |a Bright Hill Press at hand poetry chapbook series ;  |v no. 44. 
852 8 |b pda,print  |z This title is available for the library to purchase for your use. Click the "Purchase It For Me" button to place a request. This item may take 5-10 business days to arrive. 
955 |a Print PDA title 
999 f f |s 153c6697-7386-44f8-bd91-f810ce6f9a17  |i 580f6127-fcbc-3ae6-9735-ec36d6b5a00b  |t 0 
952 f f |a Texas A&M University  |b College Station  |c Sterling C. Evans Library  |d Purchase on Demand  |t 0  |e PS3557.L3147 A6 2019  |h Library of Congress classification 
998 f f |a PS3557.L3147 A6 2019  |t 0  |l Purchase on Demand